Vista normal Vista MARC

Entrada Geographic Name

Número de registros utilizados en: 1

001 - CONTROL NUMBER

  • control field: 6084

003 - CONTROL NUMBER IDENTIFIER

  • control field: OSt

005 - DATE AND TIME OF LATEST TRANSACTION

  • control field: 20200624131009.0

008 - FIXED-LENGTH DATA ELEMENTS

  • fixed length control field: 200624|| aca||aabn | a|a d

040 ## - CATALOGING SOURCE

  • Original cataloging agency: OSt
  • Transcribing agency: OSt

151 ## - HEADING--GEOGRAPHIC NAME

  • Geographic name: Reserva de Biosfera Seaflower (San Andrés y Providencia, Islas, Colombia)

670 ## - SOURCE DATA FOUND

  • Source citation: Work cat.: (OSt)3683: Osorio Anastasiu, Jacques, autor 6082, Seaflower / , [2012]